<?xml version="1.0" encoding="UTF-8"?>
<record
    xmlns:xsi="http://www.w3.org/2001/XMLSchema-instance"
    xsi:schemaLocation="http://www.loc.gov/MARC21/slim http://www.loc.gov/standards/marcxml/schema/MARC21slim.xsd"
    xmlns="http://www.loc.gov/MARC21/slim">

  <leader>02131nam a2200337 a 4500</leader>
  <controlfield tag="001">000045355</controlfield>
  <controlfield tag="003">DO-SdBPM</controlfield>
  <controlfield tag="005">20260519122655.0</controlfield>
  <controlfield tag="007">ta</controlfield>
  <controlfield tag="008">111027s2011    dr            000 0 spa d</controlfield>
  <datafield tag="040" ind1=" " ind2=" ">
    <subfield code="a">DO-SdBPM</subfield>
    <subfield code="b">spa</subfield>
    <subfield code="c">BPMSU </subfield>
    <subfield code="d">rda</subfield>
  </datafield>
  <datafield tag="082" ind1=" " ind2=" ">
    <subfield code="a">344.7293092  </subfield>
    <subfield code="b">R426L, 2011</subfield>
    <subfield code="2">22</subfield>
  </datafield>
  <datafield tag="110" ind1="1" ind2=" ">
    <subfield code="a">Rep&#xFA;blica Dominicana.</subfield>
  </datafield>
  <datafield tag="240" ind1="1" ind2="0">
    <subfield code="a">[Leyes, etc.]</subfield>
  </datafield>
  <datafield tag="245" ind1="1" ind2="0">
    <subfield code="a">Ley general de archivos de la Rep&#xFA;blica Dominicana N&#xBA;. 481-08 y su reglamento de aplicaci&#xF3;n decreto n&#xBA;. 129-10 /</subfield>
    <subfield code="c">editor Juan Francisco Dominguez Novas </subfield>
  </datafield>
  <datafield tag="260" ind1=" " ind2=" ">
    <subfield code="c"> </subfield>
  </datafield>
  <datafield tag="264" ind1=" " ind2=" ">
    <subfield code="a">Santo Domingo :</subfield>
    <subfield code="b">Archivo General de la Naci&#xF3;n,</subfield>
    <subfield code="c">2011</subfield>
  </datafield>
  <datafield tag="300" ind1=" " ind2=" ">
    <subfield code="a">121 p&#xE1;ginas ;</subfield>
    <subfield code="c">23 cm.</subfield>
  </datafield>
  <datafield tag="336" ind1=" " ind2=" ">
    <subfield code="a">texto</subfield>
    <subfield code="b">txt</subfield>
    <subfield code="2">rdacontent</subfield>
  </datafield>
  <datafield tag="337" ind1=" " ind2=" ">
    <subfield code="a">sin mediaci&#xF3;n</subfield>
    <subfield code="b">n</subfield>
    <subfield code="2">rdamedia</subfield>
  </datafield>
  <datafield tag="338" ind1=" " ind2=" ">
    <subfield code="a">volumen</subfield>
    <subfield code="b">nc</subfield>
    <subfield code="2">rdacarrier</subfield>
  </datafield>
  <datafield tag="505" ind1="0" ind2=" ">
    <subfield code="a">Presentaci&#xF3;n, 7.-- Ley General de Archivos de la Rep&#xFA;blica Dominicana, No.481-08, 11.-- T&#xED;tulo I / El Sistema Nacional de Archivos, 15.-- Definiciones, 15.-- Objeto y &#xE1;mbito de la aplicaci&#xF3;n, 21.-- Sobre el Sistema Nacional de Archivos, 22.-- T&#xED;tulo II / El Archivo General de la Naci&#xF3;n, 25.-- T&#xED;tulo III / Los archivos de la SNA, 33.-- Archivos p&#xFA;blicos, 33.-- Archivos regionales, 36.-- Archivos privados, 39.-- T&#xED;tulo IV / &#xD3;rganos t&#xE9;cnicos del AGN y el SNA, 41.-- De la Junta de Coordinaci&#xF3;n T&#xE9;cnica, 41.-- De la Comisi&#xF3;n de Evaluaci&#xF3;n y Acceso e Fondos Documentales, 43.-- T&#xED;tulo V / Normativas legales del uso de documentaci&#xF3;n, 46.-- Procesos archiv&#xED;sticos, 46.-- Acceso y consulta de los documentos, 47.-- Protecci&#xF3;n al Patrimonio Documental de la Naci&#xF3;n, 48-- T&#xED;tulo VI / Del r&#xE9;gimen econ&#xF3;mico y financiero, 50.-- T&#xED;tulo VII / R&#xE9;gimen de sanciones y disposiciones legales, 51.-- R&#xE9;gimen de sanciones, 51.-- Disposiciones finales, 54.</subfield>
  </datafield>
  <datafield tag="590" ind1=" " ind2=" ">
    <subfield code="a">Inventariado, 2026/VM</subfield>
  </datafield>
  <datafield tag="650" ind1=" " ind2="7">
    <subfield code="a">Legislaci&#xF3;n archiv&#xED;stica</subfield>
    <subfield code="z">Rep&#xFA;blica Dominicana</subfield>
    <subfield code="v"> </subfield>
  </datafield>
  <datafield tag="650" ind1=" " ind2="7">
    <subfield code="a"> Ley no. 481 -- 08</subfield>
  </datafield>
  <datafield tag="650" ind1=" " ind2="7">
    <subfield code="a">Leyes </subfield>
    <subfield code="z">Rep&#xFA;blica Dominicana</subfield>
  </datafield>
  <datafield tag="700" ind1="1" ind2=" ">
    <subfield code="a"> Dominguez Novas, Juan Francisco </subfield>
    <subfield code="e">editor </subfield>
  </datafield>
  <datafield tag="710" ind1=" " ind2=" ">
    <subfield code="a">Archivo General de la Naci&#xF3;n </subfield>
  </datafield>
  <datafield tag="910" ind1=" " ind2=" ">
    <subfield code="a">VMateo V. Control de calidad BPMSU </subfield>
  </datafield>
  <datafield tag="942" ind1=" " ind2=" ">
    <subfield code="2">ddc</subfield>
    <subfield code="c">BK</subfield>
  </datafield>
  <datafield tag="952" ind1=" " ind2=" ">
    <subfield code="0">0</subfield>
    <subfield code="1">0</subfield>
    <subfield code="2">ddc</subfield>
    <subfield code="7">0</subfield>
    <subfield code="8">CD</subfield>
    <subfield code="a">BPMET</subfield>
    <subfield code="b">BPMET</subfield>
    <subfield code="d">2026-05-19</subfield>
    <subfield code="l">0</subfield>
    <subfield code="o">BPMSU CD 344.7293092 R426L, 2011</subfield>
    <subfield code="p">BPMSU26050079</subfield>
    <subfield code="r">2026-05-19</subfield>
    <subfield code="w">2026-05-19</subfield>
    <subfield code="y">BK</subfield>
  </datafield>
  <datafield tag="999" ind1=" " ind2=" ">
    <subfield code="c">15850</subfield>
    <subfield code="d">15850</subfield>
  </datafield>
</record>
